书目信息 |
| 题名: |
银行公司治理研究
|
|
| 作者: | 王红一 著 | |
| 分册: | ||
| 出版信息: | 法律 2008.10 |
|
| 页数: | 273页 | |
| 开本: | 20cm | |
| 丛书名: | ||
| 单 册: | ||
| 中图分类: | D922.281.4 | |
| 科图分类: | ||
| 主题词: | 法律--中国 | |
| 电子资源: | ||
| ISBN: | 978-7-5036-8861-4 | |
| 000 | 00727nam0 2200241 45 | |
| 001 | 0932196536 | |
| 005 | 20091029085837.85 | |
| 010 | @a978-7-5036-8861-4@dCNY25.00 | |
| 100 | @a20090515d2008 ekmy0 y0120 ea | |
| 102 | @aCN@b130000 | |
| 102 | @aCN@b110000 | |
| 105 | @ay z 000yy | |
| 200 | 1 | @a银行公司治理研究@e中国国有银行改革的法律路径@f王红一著@Fwang hong yi zhu |
| 210 | @c法律@d2008.10 | |
| 210 | @a北京@c法律出版社 | |
| 215 | @a273页@d20cm | |
| 517 | 1 | @a中国国有银行改革的法律路径@Azhong guo guo you yin hang gai ge de fa lu lu jing |
| 606 | 0 | @a法律@x中国 |
| 690 | @aD922.281.4@v4 | |
| 701 | 0 | @a王红一@Awang hong yi@4著 |
| 801 | 0 | @aCN@c20091029 |
| 905 | @a10447@dD922.281.4@eW200 | |
| 906 | @d25@n2@r1 | |
| 银行公司治理研究:中国国有银行改革的法律路径/王红一著.-法律,2008.10.-北京:法律出版社 |
| 273页;20cm |
| ISBN 978-7-5036-8861-4:CNY25.00 |
| ● |
| 相关链接 |
|
|
|
正题名:银行公司治理研究
索取号:D922.281.4/W200
 
预约/预借
| 序号 | 登录号 | 条形码 | 馆藏地/架位号 | 状态 | 备注 |
| 1 | 659066 | 206590660 | 社科库509/509社科库 86排2列5层/ [索取号:D922.281.4/W200] | 在馆 | |
| 2 | 659067 | 206590679 | 社科库509/509社科库 86排2列5层/ [索取号:D922.281.4/W200] | 在馆 |